Normal view
MARC view
- Neelam Baliyan
Entry Personal Name
001 - CONTROL NUMBER
- control field: 29680
003 - CONTROL NUMBER IDENTIFIER
- control field: NUST
005 - DATE AND TIME OF LATEST TRANSACTION
- control field: 20200901101431.0
008 - FIXED-LENGTH DATA ELEMENTS
- fixed length control field: 200901|| aca||aabn | a|a d
040 ## - CATALOGING SOURCE
- Original cataloging agency: NUST
- Transcribing agency: NUST
100 ## - HEADING--PERSONAL NAME
- Personal name: Neelam Baliyan
670 ## - SOURCE DATA FOUND
- Source citation: Work cat.: (NUST): Neelam Baliyan, Rare Earth Elements , c2018
